Drum : (Record no. 8424)

MARC details
000 -LEADER
fixed length control field 00926nam a22002777a 4500
001 - CONTROL NUMBER
control field 8424
003 - CONTROL NUMBER IDENTIFIER
control field FISKH
005 - DATE AND TIME OF LATEST TRANSACTION
control field 20250911112259.0
008 - FIXED-LENGTH DATA ELEMENTS--GENERAL INFORMATION
fixed length control field 250911b cb ||||| |||| 00| 0 eng d
020 ## - INTERNATIONAL STANDARD BOOK NUMBER
International Standard Book Number 9780874838022
040 ## - CATALOGING SOURCE
Original cataloging agency FISKH
Language of cataloging eng
Transcribing agency FISKH
Modifying agency FISKH
050 ## - LIBRARY OF CONGRESS CALL NUMBER
Classification number PZ8.C5912 D
082 ## - DEWEY DECIMAL CLASSIFICATION NUMBER
Classification number 398.2
100 ## - MAIN ENTRY--PERSONAL NAME
Personal name Cleveland, Rob
245 ## - TITLE STATEMENT
Title Drum :
Remainder of title A folktale from India /
Statement of responsibility, etc. retold by Rob Cleveland : illustrated by Tom Wrenn
260 ## - PUBLICATION, DISTRIBUTION, ETC.
Place of publication, distribution, etc. Atlandta :
Name of publisher, distributor, etc. August House Story Core ,
Date of publication, distribution, etc. 2006.
300 ## - PHYSICAL DESCRIPTION
Extent 30 pages :
Other physical details color illustrations ;
Dimensions 20 cm .
505 ## - FORMATTED CONTENTS NOTE
Formatted contents note M <br/>
520 ## - SUMMARY, ETC.
Summary, etc. A retelling of the Indic folktale of a poor young boy who dreams of owning a drum and when he receives a magic stick, is able to create his own good luck.
521 8# - TARGET AUDIENCE NOTE
Target audience note 530 <br/>
Source Lexile <br/>
521 8# - TARGET AUDIENCE NOTE
Target audience note M <br/>
Source Raz-Plus <br/>
650 ## - SUBJECT ADDED ENTRY--TOPICAL TERM
Topical term or geographic name entry element Multicultural
Form subdivision Fiction
700 ## - ADDED ENTRY--PERSONAL NAME
Personal name Wrenn, Tom
942 ## - ADDED ENTRY ELEMENTS (KOHA)
Source of classification or shelving scheme Dewey Decimal Classification
Koha item type Books
Suppress in OPAC No
Holdings
Withdrawn status Lost status Source of classification or shelving scheme Damaged status Not for loan Collection Home library Current library Shelving location Date acquired Total Checkouts Full call number Barcode Date last seen Price effective from Koha item type
    Dewey Decimal Classification     Juvenile Fiction Footprints International School Library Network Toul Tom Poung Campus Footprints International School Library Network Toul Tom Poung Campus TTP Primary Yellow Bookshelves 09/11/2025   CLE 398.2 PZ8.C5912 D FIS03479 09/11/2025 09/11/2025 Books